| Tag |
First Indicator |
Second Indicator |
Subfields |
| LEADER |
00000cam a2200000Ii 4500 |
| 001 |
in00003710313 |
| 005 |
20170926151259.0 |
| 008 |
151110s2015 enka b 000 0 eng d |
| 010 |
|
|
|a 2015487524
|
| 019 |
|
|
|a 926047320
|a 931680175
|
| 020 |
|
|
|a 9781465440129
|q (hardback)
|
| 020 |
|
|
|a 1465440127
|q (hardback)
|
| 024 |
8 |
|
|a 99969654069
|
| 035 |
|
|
|a (OCoLC)ocn904082096
|
| 035 |
|
|
|a (OCoLC)904082096
|
| 040 |
|
|
|a YDXCP
|b eng
|e rda
|c YDXCP
|d DLC
|d BDX
|d BTCTA
|d NYP
|d EHH
|d ON8
|d VTL
|d OCLCF
|d CGP
|d GK8
|d MEU
|d GZI
|d OCLCO
|d JTH
|d OCL
|d OCLCO
|d ITD
|d NDS
|d UtOrBLW
|
| 042 |
|
|
|a lccopycat
|
| 049 |
|
|
|a TXAM
|
| 050 |
0 |
0 |
|a TJ147
|b .M2184 2015
|
| 082 |
0 |
4 |
|a 621.8
|2 22
|
| 100 |
1 |
|
|a Macaulay, David,
|e illustrator.
|0 http://id.loc.gov/authorities/names/n81012125
|
| 245 |
1 |
0 |
|a How machines work :
|b zoo break! /
|c David Macaulay ; story by Charlie Galbraith ; consultant, Jack Challoner ; US editor, John Searcy.
|
| 246 |
3 |
0 |
|a Zoo break!
|
| 264 |
|
1 |
|a London :
|b Dorling Kindersley Limited,
|c 2015.
|
| 264 |
|
4 |
|c ©2015
|
| 300 |
|
|
|a 30 pages :
|b color illustrations ;
|c 29 cm
|
| 336 |
|
|
|a text
|b txt
|2 rdacontent
|
| 336 |
|
|
|a still image
|b sti
|2 rdacontent
|
| 337 |
|
|
|a unmediated
|b n
|2 rdamedia
|
| 338 |
|
|
|a volume
|b nc
|2 rdacarrier
|
| 500 |
|
|
|a Gearbox in cover with gears and animal illustrations showing through plastic window; some pages unfold and have flaps to lift.
|
| 505 |
0 |
|
|a Inclined to escape -- Living on the wedge -- Getting leverage -- Lots of levers -- A wheely bad idea -- Getting in gear -- Push and pulley -- Pulley power -- A screwy plan -- Drilling in -- Getting complex -- Escape?
|
| 520 |
|
|
|a Sloth and Sengi are friends. they have grown up together in the zoo, and know every bit of their enclosure. And, frankly, they are a little bored with it. So they begin to plan an escape, with the help of some simple machines, such as levers, gears, planes, and pulleys.
|
| 521 |
1 |
|
|a Ages 7-10.
|
| 546 |
|
|
|a Text in English.
|
| 586 |
|
|
|a AIP Science Communication Award, Writing for Children, 2016
|
| 650 |
|
0 |
|a Simple machines
|v Juvenile literature.
|0 http://id.loc.gov/authorities/subjects/sh2008111668
|
| 650 |
|
0 |
|a Zoo animals
|v Juvenile literature.
|0 http://id.loc.gov/authorities/subjects/sh2008114079
|
| 650 |
|
1 |
|a Simple machines.
|
| 650 |
|
1 |
|a Zoo animals.
|
| 650 |
|
1 |
|a Toy and movable books.
|
| 650 |
|
7 |
|a Lift-the-flap books.
|2 fast
|0 (OCoLC)fst01741452
|
| 650 |
|
7 |
|a Simple machines.
|2 fast
|0 (OCoLC)fst01119124
|
| 650 |
|
7 |
|a Toy and movable books.
|2 fast
|0 (OCoLC)fst01153422
|
| 650 |
|
7 |
|a Zoo animals.
|2 fast
|0 (OCoLC)fst01184648
|
| 655 |
|
7 |
|a Toy and movable books.
|2 fast
|0 (OCoLC)fst01726766
|
| 655 |
|
7 |
|a Juvenile works.
|2 fast
|0 (OCoLC)fst01411637
|
| 655 |
|
7 |
|a Specimens.
|2 fast
|0 (OCoLC)fst01423861
|
| 655 |
|
7 |
|a Toy and movable books.
|2 lcgft
|0 http://id.loc.gov/authorities/genreForms/gf2014026197
|
| 655 |
|
7 |
|a Lift-the-flap books.
|2 lcgft
|0 http://id.loc.gov/authorities/genreForms/gf2014026123
|
| 700 |
1 |
|
|a Galbraith, Charlie,
|e author.
|
| 700 |
1 |
|
|a Challoner, Jack,
|e consultant.
|0 http://id.loc.gov/authorities/names/n92006454
|
| 700 |
1 |
|
|a Searcy, John,
|e editor.
|0 http://id.loc.gov/authorities/names/nr2006032013
|
| 945 |
|
|
|b 892682
|
| 947 |
|
|
|a A14850004038
|
| 994 |
|
|
|a 92
|b TXA
|
| 999 |
f |
f |
|s 1c088c2b-b65b-3920-8c50-e8f62814bdea
|i 6a2570c9-54e1-3c91-9dc2-ed738c10362d
|t 0
|
| 952 |
f |
f |
|p newbook
|a Texas A&M University
|b College Station
|c Sterling C. Evans Library
|d Evans: Library Stacks
|t 0
|e TJ147 .M2184 2015
|h Library of Congress classification
|i unmediated -- volume
|m A14850004038
|
| 998 |
f |
f |
|a TJ147 .M2184 2015
|t 0
|l Evans: Library Stacks
|